000 00393nam a2200157Ia 4500
005 20250603144712.0
008 250603s9999 xx 000 0 und d
020 _a9780080965000
050 _aP 107 .C66/
245 0 _aConcise encyclopedia of philosophy of language and linguistics
260 _aAmsterdam
260 _bElsevier
300 _a836 p
650 _aAmsterdam
942 _cBK
999 _c39703
_d39703